<The> firm as a collection of assets.
Neodcudziteľnosť "ľudského kapitálu" v podniku - nemôže byť kúpený, ani predaný, v protiklade k fyzickému kapitálu. Vlastnícke práva fyzických aktív ako dôležitá determinanta podnetov a stimulov zamestnancov. Vplyv zmien vo vlastníctve podniku na stimulovanie jeho zamestnancov. Teória návratnosti ka...
Salvato in:
| Autore principale: | |
|---|---|
| Natura: | Capitolo di libro |
| Lingua: | inglese |
| Soggetti: | |
| Tags: |
Nessun Tag, puoi essere il primo ad aggiungerne!!
|
MARC
| LEADER | 00000naa a2200000 4500 | ||
|---|---|---|---|
| 001 | r010105 | ||
| 005 | 20221130112759.3 | ||
| 041 | 0 | |a eng | |
| 044 | |a NL | ||
| 245 | 1 | 0 | |a <The> firm as a collection of assets. |c J. Moore |
| 520 | |a Neodcudziteľnosť "ľudského kapitálu" v podniku - nemôže byť kúpený, ani predaný, v protiklade k fyzickému kapitálu. Vlastnícke práva fyzických aktív ako dôležitá determinanta podnetov a stimulov zamestnancov. Vplyv zmien vo vlastníctve podniku na stimulovanie jeho zamestnancov. Teória návratnosti kapitálu. Funkcie kontroly fyzického kapitálu. | ||
| 610 | 2 | 0 | |a podnik |
| 610 | 2 | 0 | |a aktíva |
| 610 | 2 | 0 | |a kapitál |
| 610 | 2 | 0 | |a zamestnanci |
| 610 | 2 | 0 | |a stimulovanie |
| 610 | 2 | 0 | |a hospodárenie finančné |
| 610 | 2 | 0 | |a práva majetkové |
| 610 | 2 | 0 | |a návratnosť investícií |
| 100 | 1 | |a Moore, J. | |